[Event "Asia-ch Amateur"]
[Site "Dubai"]
[Date "2023.08.29"]
[Round "3"]
[White "Saket, Kumar"]
[Black "He, Canzhou"]
[Result "1/2-1/2"]
[WhiteElo "1406"]
[BlackElo "1841"]
[PlyCount "72"]
[EventDate "2023.08.28"]
[EventType "swiss"]
[EventRounds "9"]
[EventCountry "UAE"]
[SourceTitle "EXT 2024"]
[Source "ChessBase"]
[SourceDate "2023.10.10"]
[SourceVersion "1"]
[SourceVersionDate "2023.10.10"]
[SourceQuality "1"]

1. e4 c5 2. Nf3 e6 3. d4 cxd4 4. Nxd4 Nf6 5. Nc3 Nc6 6. Ndb5 Bb4 7. a3 Bxc3+ 8. Nxc3 d5 9. exd5 Nxd5 10. Nxd5 exd5 11. Bd3 Qe7+ 12. Qe2 Qxe2+ 13. Kxe2 0-0 14. Rd1 Ne5 15. Bf4 Nxd3 16. Rxd3 Bf5 17. Rd2 d4 18. Rxd4 Bxc2 19. Rc1 Rfe8+ 20. Be3 Rac8 21. Kd2 Bf5 22. Rc3 Rxc3 23. Kxc3 Rc8+ 24. Rc4 Rxc4+ 25. Kxc4 a6 26. Kd5 Kf8 27. Kd6 Ke8 28. Bb6 Be4 29. g4 f6 30. h4 Kf7 31. f4 Bf3 32. g5 Kg6 33. Bd4 Kf5 34. gxf6 gxf6 35. Ke7 Kxf4 36. Bxf6 h5 1/2-1/2

[Event "Lugano New Year op"]
[Site "Lugano"]
[Date "2022.01.03"]
[Round "2"]
[White "Mattenberger, Dominik"]
[Black "Saket, Kumar"]
[Result "1-0"]
[WhiteElo "1655"]
[BlackElo "1446"]
[PlyCount "65"]
[EventDate "2022.01.02"]
[EventType "swiss"]
[EventRounds "5"]
[EventCountry "SUI"]
[SourceTitle "EXT 2023"]
[Source "ChessBase"]
[SourceDate "2022.10.05"]
[SourceVersion "1"]
[SourceVersionDate "2022.10.05"]
[SourceQuality "1"]

1. d4 d5 2. c4 dxc4 3. e4 Nf6 4. e5 Nd5 5. Bxc4 Nb6 6. Bd3 Nc6 7. Be3 Nb4 8. Be4 f5 9. exf6 exf6 10. Nc3 f5 11. Bf3 f4 12. Bxf4 Qxd4 13. Qe2+ Be7 14. Bg3 Bf5 15. Rd1 Nd3+ 16. Kf1 c6 17. Be4 Bxe4 18. Nxe4 0-0-0 19. Nf3 Qxb2 20. Rxd3 Qb1+ 21. Ne1 Rxd3 22. Qxd3 Qxa2 23. Nd6+ Bxd6 24. Qxd6 Qc4+ 25. Kg1 Nd5 26. Qb8+ Kd7 27. Qxh8 Qc3 28. f3 Ne3 29. Qxh7 c5 30. Qd3+ Qxd3 31. Nxd3 c4 32. Ne5+ Ke6 33. Kf2 1-0

[Event "Bengaluru Karnataka op"]
[Site "Bengaluru"]
[Date "2018.04.15"]
[Round "4"]
[White "Balkishan, A."]
[Black "Saket, Kumar"]
[Result "1-0"]
[WhiteElo "2026"]
[BlackElo "1491"]
[PlyCount "70"]
[EventDate "2018.04.14"]
[EventType "swiss"]
[EventRounds "10"]
[EventCountry "IND"]
[SourceTitle "CBM 184 Extra"]
[Source "ChessBase"]
[SourceDate "2018.06.28"]
[SourceVersion "1"]
[SourceVersionDate "2018.06.28"]
[SourceQuality "1"]

1. d4 d5 2. c4 dxc4 3. e3 e6 4. Bxc4 c5 5. Nf3 Nf6 6. 0-0 a6 7. a4 Nc6 8. Nc3 cxd4 9. exd4 Be7 10. Bf4 0-0 11. Re1 Nb4 12. Qe2 Nbd5 13. Be5 b6 14. Rac1 Bb7 15. Bd3 Qd7 16. Ng5 h6 17. Nge4 Nxe4 18. Qxe4 Nf6 19. Qe2 Rfc8 20. Bb1 Nd5 21. Qg4 Bf8 22. Qe4 f5 23. Qe2 Bb4 24. Qd3 Nxc3 25. bxc3 Ba3 26. Rcd1 Qxa4 27. Ba2 Qc6 28. Qg3 Bf8 29. d5 exd5 30. Bxd5+ Qxd5 31. Rxd5 Bxd5 32. Qg6 b5 33. Re3 b4 34. Bxg7 Bxg7 35. Re7 Rc6 1-0

[Event "Gurgon op 1st"]
[Site "Gurgon"]
[Date "2009.01.21"]
[Round "1"]
[White "Saket, Kumar"]
[Black "Iuldachev, Saidali"]
[Result "0-1"]
[WhiteElo "1972"]
[BlackElo "2520"]
[PlyCount "40"]
[EventDate "2009.01.21"]
[EventType "swiss"]
[EventRounds "10"]
[EventCountry "IND"]
[SourceTitle "CBM 128 Extra"]
[Source "ChessBase"]
[SourceDate "2009.03.05"]
[SourceVersion "2"]
[SourceVersionDate "2009.03.25"]
[SourceQuality "1"]

1. e4 e5 2. Nf3 Nc6 3. Bb5 a6 4. Bxc6 dxc6 5. d4 exd4 6. Qxd4 Qxd4 7. Nxd4 Bd7 8. Nc3 0-0-0 9. Be3 Re8 10. 0-0-0 Bb4 11. Nde2 f5 12. exf5 Bxf5 13. a3 Bd6 14. Bf4 Bc5 15. Bg3 Nf6 16. f3 Nd5 17. Nd4 Nxc3 18. bxc3 Bxa3+ 19. Kb1 Bd7 20. Rhe1 Bd6 0-1